TV Soaps Dallas/Dynasty/Falcon Crest/The Colbys Or Knots Landing - Statistics

General Stats
  • This quiz has been taken 97 times
  • The average score is 8 of 16
Answer Stats
Question Answer % Correct
Jenna Wade Dallas
86%
Dusty Farlowe Dallas
82%
Fallon Dynasty & The Colbys
79%
Claudia Blaisdel Dynasty
68%
Mitch Cooper Dallas
61%
Jordan Lee Dallas
57%
Valene Ewing Dallas & Knots Landing
57%
Peter Stavros Falcon Crest
54%
Lillimae Clements Knots Landing
46%
Zack Powers The Colbys
46%
Dan Fixx Falcon Crest
43%
Dr Nick Toscanni Dynasty
36%
Diana Fairgate Knots Landing
36%
Ginger Ward Knots Landing
36%
JR Ewing Dallas & Knots Landing
11%
Kirby Anders Knots Landing
7%
No matching quizzes found
Score Distribution
Percent of People with Each Score
Percentile by Number Answered
Your Score History
You have not taken this quiz